[Event "Canarias-chT"]
[Site "Vecindario"]
[Date "2019.06.14"]
[Round "3.1"]
[White "Andonegui Echeburua, Jose Luis"]
[Black "Santana Benitez, Romen"]
[Result "0-1"]
[WhiteElo "1646"]
[BlackElo "1702"]
[PlyCount "75"]
[EventDate "2019.06.13"]
[EventType "team-swiss"]
[EventRounds "6"]
[EventCountry "ESP"]
[SourceTitle "EXT 2020"]
[Source "ChessBase"]
[SourceDate "2019.10.17"]
[SourceVersion "1"]
[SourceVersionDate "2019.10.17"]
[SourceQuality "1"]
[WhiteTeam "Hotel Avda de Canarias III"]
[BlackTeam "Panaderia Pulido San Mateo"]
[WhiteTeamCountry "ESP"]
[BlackTeamCountry "ESP"]

1. b3 d5 2. Bb2 c5 3. e3 Nc6 4. Bb5 Bd7 5. c4 Nb4 6. Bxd7+ Qxd7 7. d4 Qf5 8. Kf1 Nf6 9. Nc3 Ne4 10. Qe2 e6 11. Nf3 Be7 12. cxd5 exd5 13. Qb5+ Kf8 14. Nxe4 dxe4 15. Ne1 Rd8 16. a3 Nd5 17. Nc2 h5 18. dxc5 Rh6 19. Qe2 Bxc5 20. Nd4 Bxd4 21. Bxd4 Rc6 22. Rd1 Rdc8 23. h3 Nc3 24. Bxc3 Rxc3 25. g4 Qf6 26. Kg2 Rxb3 27. h4 hxg4 28. Qxg4 Rc2 29. Rhf1 Rxe3 30. Kg1 Ree2 31. Qg3 g6 32. Qb8+ Kg7 33. Rd8 Rxf2 34. Rg8+ Kh7 35. Rh8+ Qxh8 36. Qxh8+ Kxh8 37. Rxf2 Rxf2 38. Kxf2 0-1

[Event "Canarias-chT"]
[Site "Vecindario"]
[Date "2019.06.14"]
[Round "2.1"]
[White "Garcia Piqueras, Rufino"]
[Black "Andonegui Echeburua, Jose Luis"]
[Result "1-0"]
[WhiteElo "1608"]
[BlackElo "1646"]
[PlyCount "75"]
[EventDate "2019.06.13"]
[EventType "team-swiss"]
[EventRounds "6"]
[EventCountry "ESP"]
[SourceTitle "EXT 2020"]
[Source "ChessBase"]
[SourceDate "2019.10.17"]
[SourceVersion "1"]
[SourceVersionDate "2019.10.17"]
[SourceQuality "1"]
[WhiteTeam "La Caja de Canarias II"]
[BlackTeam "Hotel Avda de Canarias III"]
[WhiteTeamCountry "ESP"]
[BlackTeamCountry "ESP"]

1. e4 c5 2. Nc3 d6 3. g3 e6 4. Bg2 Nc6 5. d3 Nf6 6. Nh3 h6 7. 0-0 Qc7 8. f4 Rb8 9. f5 Nd4 10. fxe6 Bxe6 11. Nf4 Bg4 12. Qd2 Be7 13. h3 Be6 14. Nfd5 Bxd5 15. Nxd5 Nxd5 16. exd5 0-0 17. c3 Bg5 18. Qf2 Ne6 19. dxe6 fxe6 20. Qe2 Rxf1+ 21. Bxf1 Qe7 22. Bxg5 Qxg5 23. Qxe6+ Kh8 24. Qxd6 Qe3+ 25. Kh2 Qf2+ 26. Bg2 Re8 27. Rf1 Qxb2 28. Rf8+ Rxf8 29. Qxf8+ Kh7 30. Qxc5 Qxa2 31. Qf5+ Kh8 32. h4 b6 33. Kh3 Qg8 34. Bd5 Qd8 35. Bb7 Qd6 36. Qc8+ Kh7 37. Be4+ g6 38. h5 1-0

[Event "Gran Canaria-chT 1819 B"]
[Site "Gran Canaria"]
[Date "2018.11.17"]
[Round "1.2"]
[White "Andonegui Echeburua, Jose Luis"]
[Black "Suarez Ramirez, Jonay"]
[Result "0-1"]
[WhiteElo "1624"]
[BlackElo "1819"]
[PlyCount "36"]
[EventDate "2018.11.17"]
[EventType "swiss"]
[EventRounds "7"]
[EventCountry "ESP"]
[SourceTitle "EXT 2024"]
[Source "ChessBase"]
[SourceDate "2023.10.10"]
[SourceVersion "1"]
[SourceVersionDate "2023.10.10"]
[SourceQuality "1"]
[WhiteTeam "Hotel Avda de Canarias III"]
[BlackTeam "Hotel Avda de Canarias II"]
[WhiteTeamCountry "ESP"]
[BlackTeamCountry "ESP"]

1. b3 g6 2. Bb2 Nf6 3. e4 Bg7 4. e5 Nd5 5. c4 Nb4 6. d4 d6 7. f4 Bf5 8. Na3 dxe5 9. fxe5 0-0 10. Nf3 Nd7 11. Qd2 c5 12. dxc5 Nc6 13. Qe3 Qa5+ 14. Bc3 Qxa3 15. Be2 Qxc5 16. Qd2 Ndxe5 17. b4 Nxf3+ 18. gxf3 Bxc3 0-1

[Event "Las Palmas Insular-chT Segunda 1718"]
[Site "Las Palmas"]
[Date "2018.03.10"]
[Round "9.3"]
[White "Andonegui Echeburua, Jose Luis"]
[Black "Perez Bolanos, David"]
[Result "1/2-1/2"]
[WhiteElo "1595"]
[BlackElo "1681"]
[PlyCount "86"]
[EventDate "2017.10.28"]
[EventType "team-swiss"]
[EventRounds "9"]
[EventCountry "ESP"]
[SourceTitle "EXT 2021"]
[Source "ChessBase"]
[SourceDate "2020.10.23"]
[SourceVersion "1"]
[SourceVersionDate "2020.10.23"]
[SourceQuality "1"]
[WhiteTeam "Hotel Avda de Canarias III"]
[BlackTeam "Sociedad La Montana III"]
[WhiteTeamCountry "ESP"]
[BlackTeamCountry "ESP"]

1. b3 e5 2. Bb2 Nc6 3. e3 d6 4. d4 Bd7 5. d5 Nce7 6. c4 Nf6 7. Nd2 c6 8. e4 cxd5 9. cxd5 Ng6 10. g3 h5 11. h3 h4 12. Bg2 Rc8 13. Rc1 Rxc1 14. Bxc1 hxg3 15. fxg3 Qa5 16. Qc2 Be7 17. Ne2 0-0 18. 0-0 Rc8 19. Qb2 Qc5+ 20. Kh2 Bb5 21. Nc4 Bxc4 22. bxc4 Qxc4 23. Qxb7 Re8 24. Ng1 Qxa2 25. Be3 Nxe4 26. Bxa7 Rf8 27. Nf3 Qc4 28. Rb1 Nc5 29. Bxc5 Qxc5 30. Nd2 Qf2 31. Ne4 Qd4 32. Qc7 Qd3 33. Rb7 Qa6 34. Ra7 Qc8 35. Qb6 Qd8 36. Qb5 f5 37. Rd7 Qe8 38. Nd2 f4 39. g4 Nh4 40. Qb7 Bf6 41. Ne4 Rf7 42. Nxf6+ gxf6 43. Rxf7 Qxf7 1/2-1/2

[Event "Las Palmas Insular-chT Segunda-A 1617"]
[Site "Las Palmas"]
[Date "2016.12.03"]
[Round "6.2"]
[White "Andonegui Echeburua, Jose Luis"]
[Black "Roca Marrero, Fernando"]
[Result "1/2-1/2"]
[WhiteElo "1623"]
[BlackElo "1456"]
[PlyCount "65"]
[EventDate "2016.10.22"]
[EventType "team-tourn"]
[EventRounds "14"]
[EventCountry "ESP"]
[SourceTitle "EXT 2018"]
[Source "ChessBase"]
[SourceDate "2017.10.13"]
[SourceVersion "1"]
[SourceVersionDate "2017.10.13"]
[SourceQuality "1"]
[WhiteTeam "Hotel Avda de Canarias IV"]
[BlackTeam "San Mateo Servitel"]
[WhiteTeamCountry "ESP"]
[BlackTeamCountry "ESP"]

1. b3 d6 2. Bb2 Nc6 3. d4 d5 4. e3 a6 5. Nf3 Nf6 6. a3 e6 7. Nbd2 b6 8. c4 Bb7 9. Qc2 Ne7 10. Bd3 g6 11. b4 Bg7 12. 0-0 0-0 13. c5 b5 14. Ne5 Nc6 15. Ndf3 Nd7 16. Rad1 Ndxe5 17. dxe5 Qe7 18. Bd4 Nxd4 19. exd4 c6 20. h3 Ra7 21. Nd2 a5 22. Ra1 a4 23. f4 f6 24. Rf3 f5 25. Kh2 h5 26. Rg1 Bh6 27. g3 Kf7 28. Nf1 Rh8 29. Kg2 Raa8 30. Ne3 Rag8 31. Kf1 Bc8 32. g4 hxg4 33. hxg4 1/2-1/2

[Event "Gran Canaria Santa Lucia op 2nd"]
[Site "Gran Canaria"]
[Date "2014.08.17"]
[Round "5"]
[White "Andonegui Echeburua, Jose Luis"]
[Black "Marrero Cardenes, Agustin"]
[Result "0-1"]
[WhiteElo "1964"]
[BlackElo "2009"]
[PlyCount "96"]
[EventDate "2014.08.14"]
[EventType "swiss"]
[EventRounds "9"]
[EventCountry "ESP"]
[SourceTitle "EXT 2015"]
[Source "ChessBase"]
[SourceDate "2014.11.20"]
[SourceVersion "1"]
[SourceVersionDate "2014.11.20"]
[SourceQuality "1"]

1. b3 e5 2. Bb2 Nc6 3. e3 f5 4. Bb5 d6 5. c4 Nf6 6. d4 exd4 7. exd4 Qe7+ 8. Qe2 Bd7 9. Qxe7+ Bxe7 10. Nd2 Nb4 11. Bxd7+ Kxd7 12. Kf1 d5 13. Ngf3 Nd3 14. Ne5+ Nxe5 15. dxe5 Ne4 16. Nxe4 dxe4 17. Rd1+ Ke6 18. Ke2 Rad8 19. f3 exf3+ 20. gxf3 Bg5 21. Rxd8 Rxd8 22. Rd1 Rxd1 23. Kxd1 Bf4 24. h3 Bxe5 25. Bc1 f4 26. Ke2 g5 27. Kd3 Kf5 28. Ba3 h5 29. Bc5 a6 30. Bf2 g4 31. fxg4+ hxg4 32. hxg4+ Kxg4 33. Ke4 Bc3 34. c5 c6 35. a4 Bd2 36. Bd4 Be1 37. Ke5 f3 38. Kd6 Kf4 39. Kc7 Ke4 40. Bg1 Kd5 41. Kxb7 f2 42. Bxf2 Bxf2 43. b4 Be1 44. Kxa6 Bxb4 45. Kb6 Bxc5+ 46. Ka6 Bb4 47. a5 c5 48. Kb5 Bxa5 0-1